<?xml version="1.0" encoding="UTF-8"?>
<record
    xmlns:xsi="http://www.w3.org/2001/XMLSchema-instance"
    xsi:schemaLocation="http://www.loc.gov/MARC21/slim http://www.loc.gov/standards/marcxml/schema/MARC21slim.xsd"
    xmlns="http://www.loc.gov/MARC21/slim">

  <leader>00448nam a22001217a 4500</leader>
  <controlfield tag="008">230428b        |||||||| |||| 00| 0 eng d</controlfield>
  <datafield tag="040" ind1=" " ind2=" ">
    <subfield code="a">National Science Library</subfield>
    <subfield code="c">National Science Library</subfield>
  </datafield>
  <datafield tag="080" ind1=" " ind2=" ">
    <subfield code="a">519.21 </subfield>
    <subfield code="b">P5.2</subfield>
  </datafield>
  <datafield tag="245" ind1=" " ind2=" ">
    <subfield code="a">Lecture notes, part ii: </subfield>
    <subfield code="b">Summer school on stochastic processes and applications (SSSPA- 2005), July 11-23, 2005 </subfield>
    <subfield code="c">/ IIT Guwahati</subfield>
  </datafield>
  <datafield tag="260" ind1=" " ind2=" ">
    <subfield code="a">Guwahati: </subfield>
    <subfield code="b">IIT Guwahati, </subfield>
    <subfield code="c">2005</subfield>
  </datafield>
  <datafield tag="650" ind1=" " ind2=" ">
    <subfield code="a">Science</subfield>
  </datafield>
  <datafield tag="942" ind1=" " ind2=" ">
    <subfield code="2">udc</subfield>
    <subfield code="c">PR</subfield>
  </datafield>
  <datafield tag="999" ind1=" " ind2=" ">
    <subfield code="c">24849</subfield>
    <subfield code="d">24849</subfield>
  </datafield>
  <datafield tag="952" ind1=" " ind2=" ">
    <subfield code="0">0</subfield>
    <subfield code="1">0</subfield>
    <subfield code="2">udc</subfield>
    <subfield code="4">0</subfield>
    <subfield code="6">51921_P52</subfield>
    <subfield code="7">0</subfield>
    <subfield code="9">36432</subfield>
    <subfield code="a">NSL</subfield>
    <subfield code="b">NSL</subfield>
    <subfield code="c">GF/Rk-5/C-23/R-4</subfield>
    <subfield code="d">2006-08-08</subfield>
    <subfield code="l">0</subfield>
    <subfield code="o">519.21 P5.2</subfield>
    <subfield code="p">226645</subfield>
    <subfield code="r">2023-04-28 00:00:00</subfield>
    <subfield code="w">2006-08-08</subfield>
    <subfield code="y">PR</subfield>
  </datafield>
</record>
